Anagram Equations (World Locations: Expert Level) - Statistics

General Stats
  • This quiz has been taken 217 times
  • The average score is 8 of 20
Answer Stats
Hint + Answer % Correct
ANNEALED WZ New Zealand
86%
EXOCYTIC IM Mexico City
74%
WONKY ER New York
68%
MIOCENE WX New Mexico
67%
ALVEOLAR DS El Salvador
60%
ALIVE VT Tel Aviv
56%
JARDINIERE OO Rio de Janeiro
42%
SALVAGE S Las Vegas
40%
WEAPON CT Cape Town
39%
SHAKEOUT RO South Korea
36%
ASTOUNDS HU South Sudan
34%
REVISITING AW West Virginia
29%
ARCTICS AO Costa Rica
26%
GALLEONS ES Los Angeles
25%
PROMOTERS BY Port Moresby
22%
NAUTICAL IS Saint Lucia
22%
MISTREAT O East Timor
15%
URBANISES EO Buenos Aires
13%
REPORTAGE LO Porto Alegre
13%
PRECAUTION PR Port-au-Prince
10%
No matching quizzes found
Score Distribution
Percent of People with Each Score
Percentile by Number Answered
Your Score History
You have not taken this quiz